000 00502nam a2200157 i 4500
001 88576
003 ES-MaACL
007 t|
008 050105s1943 ag ||||1| spa d
100 1 _aLamb, Harold.
_969797
245 1 3 _aLa marcha de los bárbaros /
_cHarold Lamb ; traducción de Román A. Jiménez.
260 _aBuenos Aires :
_bEditorial Sudamericana,
_c[1943] (
_fRodríguez Giles)
300 _a165 p. ;
_c21 cm.
700 1 _aJiménez, Román A.
_966438
852 _aES-MaACL
_jE-2166
_bR.23327
999 _c88576
_d88576